| 000 | 00336nam a2200133Ia 4500 | ||
|---|---|---|---|
| 005 | 20251222155125.0 | ||
| 008 | 251222s9999||||xx |||||||||||||| ||spa|| | ||
| 082 | _aEPI.44 | ||
| 100 | _aRegueiro J, López C. | ||
| 245 | 0 | _aInmunología y patología del sistema inmune | |
| 250 | _a3ra. ed. | ||
| 264 | _bMédica Peruana | ||
| 942 | _cLIB | ||
| 999 |
_c38593 _d38593 |
||